[Event "Mondiale Semilampo FIDE 2024"]
[Site "New York"]
[Date "27.12.2024"]
[Round "9.9"]
[White "Mamedyarov, Shakhriyar"]
[Black "Sargsyan, Shant"]
[Result "1-0"]
[WhiteTitle "GM"]
[BlackTitle "GM"]
[WhiteElo "2738"]
[BlackElo "2646"]
[WhiteFideId "13401319"]
[BlackFideId "13306766"]
[EventDate "26.12.2024"]

1. d4 d5 2. c4 e6 3. Nc3 c5 4. e3 Nf6 5. Nf3 Nc6 6. cxd5 exd5 7. Be2 c4 8. O-O
Bb4 9. Bd2 O-O 10. b3 Bxc3 11. Bxc3 b5 12. Ne5 Qd6 13. bxc4 bxc4 14. Qa4 Bd7 15.
Nxc6 Bxc6 16. Qb4 Qe6 17. Rfb1 h5 18. Qa5 h4 19. h3 Ne4 20. Be1 Rfe8 21. Rb2 Qg6
22. Qc7 Qd6 23. Qxd6 Nxd6 24. Rab1 f5 25. Bh5 Rec8 26. Bd1 Kf7 27. f3 g5 28. Bb4
Ke6 29. Bc2 c3 30. Bxc3 Nc4 31. Rb4 Na3 32. Rc1 a5 33. Rb3 Nxc2 34. Rxc2 Ba4 35.
Rb6+ Kd7 36. Rc1 Rc4 37. Bd2 Rxc1+ 38. Bxc1 Rc8 39. Ba3 Rc6 40. Bc5 Kc7 41.
Rxc6+ Kxc6 42. Be7 g4 43. Bxh4 gxf3 44. gxf3 f4 45. exf4 Bc2 46. Kf2 Bf5 47. Kg3
a4 48. Be7 Kd7 49. Bb4 Ke6 50. h4 Kf6 51. h5 Bc2 52. Kg4 Bf5+ 53. Kh4 Bc2 54.
Kg3 Bd3 55. a3 Bc2 56. Ba5 Bd3 57. Bd8+ Kf5 58. Bg5 Ke6 59. Bd8 Kf5 60. h6 Kg6
61. Bg5 Kf7 62. Kf2 Ke6 63. Ke3 Bg6 64. Kd2 Kd6 65. Kc3 Kc6 66. Kb4 Bc2 67. f5
Bxf5 68. Kxa4 Bg6 69. Kb4 1-0

[Event "Mondiale Semilampo FIDE 2024"]
[Site "New York"]
[Date "27.12.2024"]
[Round "9.16"]
[White "Firouzja, Alireza"]
[Black "Hong, Andrew"]
[Result "1-0"]
[WhiteTitle "GM"]
[BlackTitle "GM"]
[WhiteElo "2763"]
[BlackElo "2572"]
[WhiteFideId "12573981"]
[BlackFideId "2099438"]
[EventDate "26.12.2024"]

1. e4 e6 2. d4 d5 3. Nc3 Nf6 4. e5 Nfd7 5. f4 c5 6. Nf3 Nc6 7. Be3 Be7 8. Qd2
O-O 9. dxc5 Qa5 10. O-O-O b6 11. Bb5 Nb4 12. a3 bxc5 13. Kb1 Rb8 14. axb4 cxb4
15. Nxd5 exd5 16. Bxd7 Bxd7 17. Qxd5 Qxd5 18. Rxd5 Bc6 19. Ra5 a6 20. b3 Rfc8
21. Re1 Be4 22. Re2 Rc3 23. Nd4 Rd8 24. Bf2 Bxg2 25. Be1 Rc5 26. Bxb4 Rxa5 27.
Bxa5 Rxd4 28. Rxg2 Rxf4 29. c4 h5 30. Rc2 Rf3 31. b4 f6 32. c5 fxe5 33. c6 Rf8
34. c7 Rc8 35. Rd2 Kf7 36. Rd8 Rxc7 37. Bxc7 Bxd8 38. Bxd8 Ke6 39. Kc2 Kf5 40.
h4 Ke4 41. Kd2 Kf3 42. Ke1 e4 43. Bg5 e3 44. Kf1 g6 45. Ke1 e2 46. Bf6 Ke3 47.
Be7 Kd3 48. Bg5 Kc4 49. Kxe2 Kxb4 50. Ke3 Kc5 51. Bf6 Kd5 52. Kf4 Ke6 53. Kg5
Kf7 54. Bc3 a5 55. Bxa5 Kg7 56. Bc3+ Kh7 57. Bb2 Kg8 58. Kxg6 1-0

[Event "Mondiale Semilampo FIDE 2024"]
[Site "New York"]
[Date "27.12.2024"]
[Round "9.17"]
[White "Dardha, Daniel"]
[Black "So, Wesley"]
[Result "1/2-1/2"]
[WhiteTitle "GM"]
[BlackTitle "GM"]
[WhiteElo "2639"]
[BlackElo "2747"]
[WhiteFideId "240990"]
[BlackFideId "5202213"]
[EventDate "26.12.2024"]

1. d4 Nf6 2. c4 e6 3. g3 Bb4+ 4. Bd2 Be7 5. Bg2 d5 6. Nf3 O-O 7. O-O Nbd7 8. Bc3
b6 9. Nbd2 Bb7 10. Rc1 c5 11. Ne5 Rc8 12. e3 cxd4 13. Bxd4 Nxe5 14. Bxe5 Qd7 15.
Qe2 dxc4 16. Bxb7 Qxb7 17. Nxc4 Rfd8 18. Bd4 Ne4 19. f3 Nd6 20. Nxd6 Bxd6 21.
Kg2 h5 22. Rfd1 Rxc1 23. Rxc1 Qd5 24. a4 Qg5 25. Qb5 e5 26. f4 Qf5 27. fxe5 Bc5
28. Qc6 Qd3 29. Rf1 Bxd4 30. exd4 h4 31. Rf4 Rxd4 32. Qe8+ Kh7 33. Qxf7 Rxf4 34.
Qxf4 Qe2+ 35. Kh3 hxg3 36. hxg3 Qxb2 37. e6 Qe2 38. Qf5+ Kh6 39. Qf4+ Kh7 40.
Qf7 Qe4 41. Qh5+ Kg8 42. Qf7+ Kh7 43. e7 Qh1+ 44. Kg4 Qe4+ 45. Kg5 Qe3+ 46. Kh4
Qe4+ 47. g4 Qe1+ 48. Kg5 Qe3+ 49. Kh4 Qe1+ 50. Kh3 Qh1+ 51. Kg3 Qg1+ 52. Kh3
Qh1+ 1/2-1/2

[Event "Mondiale Semilampo FIDE 2024"]
[Site "New York"]
[Date "27.12.2024"]
[Round "9.19"]
[White "Durarbayli, Vasif"]
[Black "Praggnanandhaa, R"]
[Result "0-1"]
[WhiteTitle "GM"]
[BlackTitle "GM"]
[WhiteElo "2622"]
[BlackElo "2737"]
[WhiteFideId "13402935"]
[BlackFideId "25059530"]
[EventDate "26.12.2024"]

1. e4 e6 2. d4 d5 3. e5 c5 4. c3 Nc6 5. Nf3 Qb6 6. Be2 cxd4 7. cxd4 Nh6 8. Bxh6
Qxb2 9. Nc3 Qxc3+ 10. Bd2 Qa3 11. O-O Bb4 12. Rb1 Bxd2 13. Qxd2 O-O 14. Rfc1 Qe7
15. Rb3 Qd8 16. Bd3 h6 17. Bb1 Na5 18. Rbc3 Nc4 19. Qc2 g6 20. h4 Bd7 21. h5 Be8
22. Rd1 Rc8 23. Qc1 g5 24. Qc2 f5 25. exf6 Rc7 26. Ne5 Qxf6 27. Nxc4 dxc4 28.
Rxc4 Rg7 29. Rc8 Bxh5 30. Rxf8+ Qxf8 31. Re1 Bf7 32. Qa4 a6 33. Be4 Qc8 34. Qa3
Qd7 35. Qc5 Bg6 36. Bf3 Kh7 37. a3 Bf5 38. d5 exd5 39. Bxd5 Bg6 40. Re6 Rf7 41.
Rd6 Qf5 42. Rd8 Qf6 43. Qc8 Qxf2+ 44. Kh2 Qh4+ 45. Kg1 Qe1+ 46. Kh2 Qe5+ 47. g3
Rf2+ 48. Bg2 Rxg2+ 49. Kxg2 Qe2+ 50. Kh3 Qf1+ 51. Kg4 Bh5+ 52. Kxh5 Qe2+ 0-1

[Event "Mondiale Semilampo FIDE 2024"]
[Site "New York"]
[Date "27.12.2024"]
[Round "9.22"]
[White "Isanzhulov, Arystan"]
[Black "Anton Guijarro, David"]
[Result "1/2-1/2"]
[WhiteTitle "IM"]
[BlackTitle "GM"]
[WhiteElo "2395"]
[BlackElo "2673"]
[WhiteFideId "13711644"]
[BlackFideId "2285525"]
[EventDate "26.12.2024"]

1. e4 c6 2. Nf3 d5 3. Nc3 Bg4 4. h3 Bxf3 5. Qxf3 e6 6. g3 h5 7. d4 Bb4 8. e5 c5
9. a3 Qa5 10. axb4 Qxa1 11. Bb5+ Nc6 12. O-O cxd4 13. Nxd5 exd5 14. Qb3 Ne7 15.
Bg5 Qxf1+ 16. Bxf1 a6 17. b5 axb5 18. Bxe7 Kxe7 19. Qxd5 Rhd8 20. Qc5+ Ke8 21.
Bxb5 Rac8 22. b4 Rd7 23. f4 g6 24. Kg2 Kd8 25. Ba4 d3 26. cxd3 Rxd3 27. Qb6+ Rc7
28. g4 Kc8 29. gxh5 gxh5 30. h4 Nd4 31. Kf2 Rcc3 32. Bd7+ Kxd7 33. Qd6+ Kc8 34.
Qf8+ Kc7 35. Qd6+ Kc8 36. Qf8+ Kc7 37. Qd6+ 1/2-1/2

[Event "Mondiale Semilampo FIDE 2024"]
[Site "New York"]
[Date "27.12.2024"]
[Round "9.28"]
[White "Nogerbek, Kazybek"]
[Black "Le, Quang Liem"]
[Result "1/2-1/2"]
[WhiteTitle "GM"]
[BlackTitle "GM"]
[WhiteElo "2527"]
[BlackElo "2739"]
[WhiteFideId "13710427"]
[BlackFideId "12401137"]
[EventDate "26.12.2024"]

1. d4 Nf6 2. c4 e6 3. Nf3 d5 4. cxd5 exd5 5. Nc3 c6 6. Qc2 g6 7. h3 Bf5 8. Qb3
Qb6 9. g4 Be4 10. Bg2 Bg7 11. Bf4 O-O 12. e3 Nbd7 13. Nxe4 Nxe4 14. Nd2 Nxd2 15.
Qxb6 axb6 16. Kxd2 b5 17. h4 Ra4 18. Bd6 Rfa8 19. a3 Bf8 20. Bxf8 Kxf8 21. Kc2
b4 22. Kb3 Ke7 23. g5 Kd6 24. Rhc1 R8a7 25. h5 Nb6 26. Bf1 Na8 27. Bd3 Nc7 28.
hxg6 hxg6 29. Rd1 b6 30. Be2 Ne6 31. f4 Ng7 32. Bg4 Ne8 33. f5 gxf5 34. Bxf5
bxa3 35. Rxa3 Rxa3+ 36. bxa3 Re7 37. Re1 Ng7 38. Bc2 Ne6 39. Rg1 Re8 40. g6 Rg8
41. Kc3 Nf8 42. Rb1 fxg6 43. Rxb6 Nd7 44. Rb7 Re8 45. Kd2 Nf8 46. Rf7 Ra8 47. a4
Ke6 48. Rg7 Kd6 49. Ke2 c5 50. dxc5+ Kxc5 51. Rg8 d4 52. e4 Rb8 53. Kd2 Nd7 54.
Rxg6 Ne5 55. Rg5 Kd6 56. Rh5 Rb2 57. Kc1 Ra2 58. Rh3 d3 59. Bxd3 Nxd3+ 60. Rxd3+
Ke5 61. a5 Kxe4 1/2-1/2

[Event "Mondiale Semilampo FIDE 2024"]
[Site "New York"]
[Date "27.12.2024"]
[Round "9.37"]
[White "Aravindh, Chithambaram VR."]
[Black "Bai, Adelard"]
[Result "1-0"]
[WhiteTitle "GM"]
[BlackTitle "IM"]
[WhiteElo "2718"]
[BlackElo "2393"]
[WhiteFideId "5072786"]
[BlackFideId "16301188"]
[EventDate "26.12.2024"]

1. d4 Nf6 2. Bg5 d5 3. e3 c5 4. c3 Nc6 5. Nd2 e5 6. dxe5 Nxe5 7. Ngf3 Nxf3+ 8.
Qxf3 Be7 9. Bd3 O-O 10. O-O Be6 11. h3 h6 12. Bf4 Qb6 13. Rab1 Rad8 14. Rfd1
Rfe8 15. b4 cxb4 16. cxb4 d4 17. Nc4 Qc6 18. Qxc6 bxc6 19. Na5 Bxa2 20. Rb2 Bd5
21. exd4 g5 22. Be5 Nd7 23. Bg3 Bf6 24. Bf5 Nb6 25. Rc2 Kg7 26. Kh2 h5 27. f3 h4
28. Bc7 Ra8 29. Bg4 Re3 30. f4 Rae8 31. Rf2 R3e4 32. Bf3 Rxd4 33. fxg5 Bd8 34.
Bxd8 Rxd1 35. Bf6+ Kg6 36. Bxd1 Re1 1-0

[Event "Mondiale Semilampo FIDE 2024"]
[Site "New York"]
[Date "27.12.2024"]
[Round "9.38"]
[White "Nesterov, Arseniy"]
[Black "Vachier-Lagrave, Maxime"]
[Result "1/2-1/2"]
[WhiteTitle "GM"]
[BlackTitle "GM"]
[WhiteElo "2599"]
[BlackElo "2731"]
[WhiteFideId "24198455"]
[BlackFideId "623539"]
[EventDate "26.12.2024"]

1. Nf3 d5 2. d4 Nf6 3. c4 e6 4. Nc3 Nbd7 5. Bf4 Bb4 6. cxd5 exd5 7. e3 Ne4 8.
Qc2 g5 9. Bg3 h5 10. h4 Nxg3 11. fxg3 gxh4 12. gxh4 Qe7 13. Bd3 Nf6 14. O-O Be6
15. Bf5 O-O-O 16. Ne5 Ng4 17. Nxf7 Qxh4 18. Bxe6+ Kb8 19. Bxg4 hxg4 20. Nxh8
Rxh8 21. Rf4 Qh1+ 22. Kf2 Qxa1 23. Qb1 Qxb1 24. Nxb1 g3+ 25. Kf3 Bd6 26. Rf5 Rh1
27. Nd2 Rd1 28. Ke2 Rg1 29. Rxd5 Rxg2+ 30. Kd3 Rf2 31. Rg5 Kc8 32. Nc4 g2 33.
Nxd6+ cxd6 34. Kc3 d5 35. a4 Re2 36. b3 Kd7 37. Kd3 Rb2 38. Kc3 Re2 39. Kd3 Rb2 1/2-1/2

[Event "Mondiale Semilampo FIDE 2024"]
[Site "New York"]
[Date "27.12.2024"]
[Round "9.45"]
[White "Suleymenov, Alisher"]
[Black "Niemann, Hans Moke"]
[Result "0-1"]
[WhiteTitle "GM"]
[BlackTitle "GM"]
[WhiteElo "2500"]
[BlackElo "2734"]
[WhiteFideId "13707833"]
[BlackFideId "2093596"]
[EventDate "26.12.2024"]

1. d4 Nf6 2. c4 e6 3. Nf3 b6 4. a3 Bb7 5. Nc3 Ne4 6. Nxe4 Bxe4 7. e3 Be7 8. Bd3
Bb7 9. e4 d6 10. O-O Nd7 11. b4 O-O 12. Bb2 c5 13. bxc5 bxc5 14. d5 Bf6 15. Rb1
Qc7 16. Qc2 Bxb2 17. Rxb2 e5 18. Nh4 g6 19. Qd2 Rab8 20. g3 Ba6 21. Rxb8 Rxb8
22. f4 exf4 23. gxf4 Qd8 24. Nf3 Qf6 25. Qa5 Rb6 26. Qa4 Nf8 27. Qe8 Qc3 28. f5
Qxd3 29. fxg6 hxg6 30. Ng5 Rb7 31. Nxf7 Qxf1+ 32. Kxf1 Rxf7+ 33. Kg1 Bxc4 34.
Qd8 Rd7 35. Qe8 Bd3 36. Kf2 c4 37. Ke3 Rh7 38. Qd8 Rxh2 39. Qxd6 Re2+ 40. Kd4
Rxe4+ 41. Kc3 Re2 42. Qc7 Rc2+ 43. Kd4 Bf5 44. Qxa7 c3 45. d6 Rc1 46. d7 0-1

[Event "Mondiale Semilampo FIDE 2024"]
[Site "New York"]
[Date "27.12.2024"]
[Round "9.59"]
[White "Mamedov, Edgar"]
[Black "Corrales Jimenez, Fidel"]
[Result "1-0"]
[WhiteTitle "IM"]
[BlackTitle "GM"]
[WhiteElo "2441"]
[BlackElo "2555"]
[WhiteFideId "13739980"]
[BlackFideId "3506690"]
[EventDate "26.12.2024"]

1. d4 Nf6 2. c4 g6 3. Nc3 d5 4. cxd5 Nxd5 5. e4 Nxc3 6. bxc3 Bg7 7. Nf3 c5 8. h3
O-O 9. Be2 Nc6 10. Be3 cxd4 11. cxd4 Qa5+ 12. Bd2 Qa3 13. d5 Ne5 14. O-O Nxf3+
15. Bxf3 Bxa1 16. Qxa1 f6 17. Rb1 Rf7 18. Bb4 Qd3 19. e5 fxe5 20. Rb3 Qf5 21.
Re3 Bd7 22. Rxe5 Qf6 23. Qe1 Rc8 24. Bxe7 Qf4 25. Bg5 Qd4 26. Bh6 Qh4 27. Bg5
Qd4 28. h4 h6 29. Re4 Qxd5 30. Bxh6 Qxa2 31. Re5 Bc6 32. Bg4 Rd8 33. Be6 Qa3 34.
Qb1 Qd3 35. Qb4 Rd7 36. Qf8+ Kh7 37. Bxf7 Qd1+ 38. Kh2 Rxf7 39. Qxf7+ Kxh6 40.
Qf8+ 1-0

[Event "Mondiale Semilampo FIDE 2024"]
[Site "New York"]
[Date "27.12.2024"]
[Round "9.83"]
[White "Gaehwiler, Gabriel"]
[Black "Thavandiran, Shiyam"]
[Result "1/2-1/2"]
[WhiteTitle "IM"]
[BlackTitle "IM"]
[WhiteElo "2392"]
[BlackElo "2410"]
[WhiteFideId "1314530"]
[BlackFideId "2605058"]
[EventDate "26.12.2024"]

1. e4 e6 2. d4 d5 3. Bd3 dxe4 4. Bxe4 Nf6 5. Bf3 c5 6. Ne2 Nc6 7. Be3 e5 8.
Bxc6+ bxc6 9. dxe5 Qxd1+ 10. Kxd1 Ng4 11. Nd2 Nxe5 12. h3 Ba6 13. Re1 O-O-O 14.
Kc1 Be7 15. Nc3 Rhe8 16. b3 f5 17. Kb2 Ng6 18. g3 Bf6 19. Rad1 h5 20. Nb1 Rxd1
21. Rxd1 Re5 22. Kc1 h4 23. gxh4 f4 24. Bd2 Bxh4 25. Rg1 Re6 26. f3 Bg3 27. Ne4
Rxe4 28. fxe4 Nh4 29. Be1 Bxe1 30. Rxe1 Ng2 31. Rh1 f3 32. c4 Kc7 33. Nd2 f2 34.
Rf1 Nf4 35. Kd1 Nxh3 36. Ke2 Bc8 37. Kf3 Kd6 38. Rh1 g5 39. Nf1 Ke5 40. Ke3 g4
41. Ng3 Be6 42. Rd1 Bf7 43. Rd7 Bg6 44. Re7+ Kf6 45. Rxa7 Kg5 46. Rg7 Kf6 47.
Rxg6+ Kxg6 48. a4 Ng5 49. a5 Ne6 50. a6 Nc7 51. a7 Kg5 52. e5 f1=Q 53. Nxf1 Kf5
54. Ng3+ Kxe5 55. Ne4 Na8 56. Nxc5 Kd6 57. Ne4+ Kc7 58. Kf4 Kb7 59. Kxg4 Kxa7
60. Kf5 Kb6 61. Ke5 Nc7 62. Nf6 Kc5 63. Nd7+ Kb4 64. Kd6 Kxb3 65. c5 Na6 66.
Kxc6 Nxc5 67. Nxc5+ 1/2-1/2

[Event "Mondiale Semilampo FIDE 2024"]
[Site "New York"]
[Date "28.12.2024"]
[Round "10.4"]
[White "Abdusattorov, Nodirbek"]
[Black "Lazavik, Denis"]
[Result "1/2-1/2"]
[WhiteTitle "GM"]
[BlackTitle "GM"]
[WhiteElo "2777"]
[BlackElo "2578"]
[WhiteFideId "14204118"]
[BlackFideId "13515110"]
[EventDate "26.12.2024"]

1. d4 Nf6 2. Nf3 d5 3. e3 e6 4. Bd3 Be7 5. O-O O-O 6. b3 b6 7. Bb2 Bb7 8. Qe2
Nbd7 9. Rd1 a5 10. Nc3 Ne4 11. Na4 Bd6 12. c4 Qe7 13. Rac1 f5 14. Ne5 Nxe5 15.
dxe5 Bb4 16. cxd5 Bxd5 17. Bc4 Bxc4 18. Qxc4 Rad8 19. g3 Nc5 20. Nxc5 Bxc5 21.
a3 Kf7 22. Rf1 Rd5 23. b4 axb4 24. axb4 Bxb4 25. Qxc7 1/2-1/2

[Event "Mondiale Semilampo FIDE 2024"]
[Site "New York"]
[Date "28.12.2024"]
[Round "10.5"]
[White "Esipenko, Andrey"]
[Black "Mamedyarov, Shakhriyar"]
[Result "1/2-1/2"]
[WhiteTitle "GM"]
[BlackTitle "GM"]
[WhiteElo "2682"]
[BlackElo "2738"]
[WhiteFideId "24175439"]
[BlackFideId "13401319"]
[EventDate "26.12.2024"]

1. e4 e5 2. Nf3 Nc6 3. Bb5 a6 4. Ba4 Nge7 5. O-O Ng6 6. d4 exd4 7. Nxd4 Nxd4 8.
Qxd4 b5 9. Bb3 Bb7 10. Qd3 Qh4 11. Nc3 Bc5 12. Nd5 O-O 13. Nxc7 Bxe4 1/2-1/2

[Event "Mondiale Semilampo FIDE 2024"]
[Site "New York"]
[Date "28.12.2024"]
[Round "10.6"]
[White "Sevian, Samuel"]
[Black "Dominguez Perez, Leinier"]
[Result "1/2-1/2"]
[WhiteTitle "GM"]
[BlackTitle "GM"]
[WhiteElo "2696"]
[BlackElo "2741"]
[WhiteFideId "2040506"]
[BlackFideId "3503240"]
[EventDate "26.12.2024"]

1. c4 c5 2. Nf3 Nf6 3. g3 Nc6 4. Bg2 d5 5. cxd5 Nxd5 6. Nc3 Nc7 7. O-O e5 8. a3
Rb8 9. Rb1 Be7 10. b4 cxb4 11. axb4 b5 12. Qc2 O-O 13. Nxb5 Nxb4 14. Rxb4 Bxb4
15. Nxc7 Ba5 16. Nxe5 Qxc7 17. Nc6 Bb7 18. d4 Bxc6 19. Bxc6 Bb4 20. Kg2 Rfd8 21.
Bf4 Bd6 22. Be3 a5 23. Rc1 Ba3 24. Qxh7+ Kxh7 25. Be4+ Kg8 26. Rxc7 Bb2 27. Ra7
Bxd4 28. Rxa5 Bxe3 29. fxe3 Re8 30. Kf3 Rb6 31. Bd3 1/2-1/2

[Event "Mondiale Semilampo FIDE 2024"]
[Site "New York"]
[Date "28.12.2024"]
[Round "10.7"]
[White "Giri, Anish"]
[Black "Naroditsky, Daniel"]
[Result "1/2-1/2"]
[WhiteTitle "GM"]
[BlackTitle "GM"]
[WhiteElo "2733"]
[BlackElo "2619"]
[WhiteFideId "24116068"]
[BlackFideId "2026961"]
[EventDate "26.12.2024"]

1. d4 Nf6 2. c4 g6 3. Nc3 Bg7 4. e4 d6 5. Be2 O-O 6. Be3 Na6 7. h4 h5 8. Nf3 Ng4
9. Bg5 c6 10. O-O Nc7 11. d5 Qe8 12. Rc1 Bd7 13. a3 a5 14. Re1 c5 15. a4 Na6 16.
b3 Nb4 17. Bf1 f6 18. Bf4 g5 19. Bg3 Qg6 20. Nb5 Rac8 21. Na7 Ra8 22. Nb5 Rac8
23. Na7 Ra8 1/2-1/2

[Event "Mondiale Semilampo FIDE 2024"]
[Site "New York"]
[Date "28.12.2024"]
[Round "10.8"]
[White "Robson, Ray"]
[Black "Caruana, Fabiano"]
[Result "1/2-1/2"]
[WhiteTitle "GM"]
[BlackTitle "GM"]
[WhiteElo "2700"]
[BlackElo "2805"]
[WhiteFideId "2023970"]
[BlackFideId "2020009"]
[EventDate "26.12.2024"]

1. d4 Nf6 2. c4 e6 3. Nc3 d5 4. cxd5 exd5 5. Bg5 c6 6. Qc2 h6 7. Bh4 Be7 8. e3
O-O 9. Bd3 Ne8 10. Bg3 Nd6 11. Nge2 Re8 12. f3 Nc4 13. Bxc4 dxc4 14. e4 b5 15.
O-O Na6 16. a3 Nc7 17. Rad1 a5 18. Kh1 Ra6 19. a4 Bd6 20. d5 Bxg3 21. Nxg3 b4
22. d6 bxc3 23. dxc7 Qxc7 24. Qxc3 Be6 25. Rd2 Raa8 26. Rfd1 Rad8 27. Ne2 c5 28.
Qe3 Qb6 29. Nf4 Rxd2 30. Qxd2 Qb3 31. Nxe6 Rxe6 32. Rc1 Rb6 33. h3 Qd3 34. Qxd3
cxd3 35. Rxc5 d2 36. Rd5 Rxb2 37. Kh2 g5 38. Kg3 Kg7 39. f4 Kg6 40. Rd6+ f6 41.
e5 Kf5 42. exf6 gxf4+ 43. Kf3 d1=Q+ 44. Rxd1 Rb3+ 45. Kf2 Rb2+ 46. Kf3 Rb3+ 47.
Ke2 Rb2+ 48. Kf3 1/2-1/2

[Event "Mondiale Semilampo FIDE 2024"]
[Site "New York"]
[Date "28.12.2024"]
[Round "10.10"]
[White "Antipov, Mikhail Al."]
[Black "Aronian, Levon"]
[Result "1/2-1/2"]
[WhiteTitle "GM"]
[BlackTitle "GM"]
[WhiteElo "2594"]
[BlackElo "2747"]
[WhiteFideId "4107012"]
[BlackFideId "13300474"]
[EventDate "26.12.2024"]

1. d4 Nf6 2. c4 e6 3. Nc3 Bb4 4. e3 O-O 5. a3 Bxc3+ 6. bxc3 Nc6 7. Bd3 e5 8. f3
e4 9. fxe4 Nxe4 10. Ne2 Qh4+ 11. g3 Qe7 12. O-O f5 13. Nf4 d6 14. Nd5 Qd8 15.
Ra2 Bd7 16. Bxe4 fxe4 17. Rxf8+ Kxf8 18. Qc2 Kg8 19. Qxe4 Rc8 20. Rf2 Qe8 21.
Qf3 Na5 22. e4 c6 23. Ne3 Qg6 24. Nf5 Bxf5 25. exf5 Qf7 26. f6 Re8 27. Qg4 Nxc4
28. fxg7 Qxg7 29. Qh4 Qe7 30. Qg4+ Qg7 31. Qh4 Qe7 32. Qg4+ 1/2-1/2

[Event "Mondiale Semilampo FIDE 2024"]
[Site "New York"]
[Date "28.12.2024"]
[Round "10.11"]
[White "Bluebaum, Matthias"]
[Black "Firouzja, Alireza"]
[Result "0-1"]
[WhiteTitle "GM"]
[BlackTitle "GM"]
[WhiteElo "2650"]
[BlackElo "2763"]
[WhiteFideId "24651516"]
[BlackFideId "12573981"]
[EventDate "26.12.2024"]

1. d4 Nf6 2. c4 e6 3. Nc3 Bb4 4. e3 O-O 5. Bd2 d5 6. Nf3 b6 7. cxd5 exd5 8. Rc1
Bb7 9. Bd3 Be7 10. O-O c5 11. Ne5 Nc6 12. a3 Qe8 13. Ng4 Nxg4 14. Qxg4 Rd8 15.
dxc5 bxc5 16. Ne2 Bc8 17. Qa4 c4 18. Bb1 Nd4 19. Qd1 Nb3 20. Rc2 Bf5 21. Bc3
Bxc2 22. Bxc2 Nc5 23. Ng3 f6 24. Qg4 Kh8 25. Rd1 Qf7 26. h4 Bd6 27. Nf5 Be5 28.
Bb4 g6 29. Bxc5 gxf5 30. Qf3 Rfe8 31. Bd4 f4 32. exf4 Bxd4 33. Rxd4 Qe6 34. Kh2
Qe2 35. Qc3 Qxf2 36. Rd1 Qxf4+ 37. Kg1 Re2 38. Rf1 Rxg2+ 0-1

[Event "Mondiale Semilampo FIDE 2024"]
[Site "New York"]
[Date "28.12.2024"]
[Round "10.13"]
[White "Yu, Yangyi"]
[Black "Bu, Xiangzhi"]
[Result "1-0"]
[WhiteTitle "GM"]
[BlackTitle "GM"]
[WhiteElo "2724"]
[BlackElo "2684"]
[WhiteFideId "8603820"]
[BlackFideId "8601445"]
[EventDate "26.12.2024"]

1. e4 e5 2. Nf3 Nf6 3. d4 Nxe4 4. dxe5 d5 5. Nbd2 Qd7 6. Bd3 Nc5 7. Be2 Ne6 8.
O-O Be7 9. Re1 O-O 10. Nf1 c5 11. Bd3 g6 12. c3 Nc6 13. Bh6 Rd8 14. Qe2 c4 15.
Bc2 b5 16. Rad1 Bb7 17. Be4 Ncd4 18. Nxd4 dxe4 19. Ng3 Nc5 20. e6 fxe6 21. Qg4
e5 22. Ndf5 Nd3 23. Nxe7+ Qxe7 24. Re2 Qd7 25. Qh4 Qc7 26. Nxe4 Bxe4 27. Qxe4
Nxb2 28. Rd5 Qf7 29. Rxb5 Rd1+ 30. Re1 Rxe1+ 31. Qxe1 Nd3 32. Qe3 Rd8 33. Bg5
Rf8 34. Bh6 Rd8 35. h3 a6 36. Rb6 Nxf2 37. Qxf2 Rd1+ 38. Kh2 Qxf2 39. Rb8+ Kf7
40. Rf8+ Ke6 41. Rxf2 Rd3 42. Rf3 Rd1 43. Bg7 e4 44. Rf8 Rd2 45. a4 Ra2 46. Bd4
Rxa4 47. Kg3 Ra1 48. Rc8 a5 49. Rxc4 a4 50. Rc6+ Kd5 51. Rc5+ Kd6 52. Ra5 Kc6
53. c4 Rd1 54. Be3 Rd3 55. Kf4 a3 56. Kxe4 Rc3 57. c5 1-0

[Event "Mondiale Semilampo FIDE 2024"]
[Site "New York"]
[Date "28.12.2024"]
[Round "10.14"]
[White "Praggnanandhaa, R"]
[Black "Sadhwani, Raunak"]
[Result "1-0"]
[WhiteTitle "GM"]
[BlackTitle "GM"]
[WhiteElo "2737"]
[BlackElo "2673"]
[WhiteFideId "25059530"]
[BlackFideId "35093487"]
[EventDate "26.12.2024"]

1. e4 e5 2. Nf3 Nc6 3. Bc4 Bc5 4. c3 Nf6 5. d4 exd4 6. e5 d5 7. Bb5 Ne4 8. cxd4
Bb6 9. Nc3 O-O 10. Be3 Bg4 11. h3 Bh5 12. Rc1 Nxc3 13. bxc3 f6 14. exf6 Qxf6 15.
Be2 Rae8 16. O-O h6 17. a4 Bg6 18. Qb3 Qd6 19. Rce1 Kh8 20. Bc1 Qd8 21. Bb5 Na5
22. Qd1 c6 23. Bd3 Bxd3 24. Qxd3 Nc4 25. g3 Bc7 26. Kg2 Rxe1 27. Rxe1 Re8 28.
Re2 a5 29. g4 Qd7 30. Qf5 Qc8 31. Bxh6 Nd6 32. Qxc8 Rxc8 33. Bf4 Ne4 34. Bxc7
Rxc7 35. c4 b5 36. axb5 cxb5 37. cxb5 Rb7 38. Rb2 a4 39. h4 g6 40. Ne5 Nc3 41.
Rc2 Nxb5 42. Nxg6+ Kh7 43. Nf8+ Kg8 44. Ne6 Ra7 45. g5 a3 46. g6 Ra8 47. Ra2 Nc3
48. Ra1 a2 49. f4 Ra6 50. f5 Rb6 51. Rc1 Rc6 52. h5 1-0

[Event "Mondiale Semilampo FIDE 2024"]
[Site "New York"]
[Date "28.12.2024"]
[Round "10.15"]
[White "Dubov, Daniil"]
[Black "Muradli, Mahammad"]
[Result "1-0"]
[WhiteTitle "GM"]
[BlackTitle "GM"]
[WhiteElo "2693"]
[BlackElo "2588"]
[WhiteFideId "24126055"]
[BlackFideId "13409301"]
[EventDate "26.12.2024"]

1. d4 Nf6 2. c4 e6 3. Nc3 Bb4 4. e3 O-O 5. Bd3 d5 6. a3 Bxc3+ 7. bxc3 c6 8. a4
b6 9. Ba3 Re8 10. Nf3 Ba6 11. Ne5 Nbd7 12. Nxc6 Qc7 13. Ne7+ Kh8 14. cxd5 Qxc3+
15. Ke2 Bxd3+ 16. Qxd3 Nxd5 17. Nxd5 Qxd3+ 18. Kxd3 exd5 19. Rhc1 Rec8 20. g4
Kg8 21. f3 f6 22. Rab1 a6 23. e4 dxe4+ 24. fxe4 Kf7 25. Bd6 Ke8 26. d5 Kd8 27.
Kd4 Rxc1 28. Rxc1 Ra7 29. g5 Rb7 30. gxf6 gxf6 31. h4 h5 32. Rf1 b5 33. axb5
axb5 34. Rf5 b4 35. Rxh5 Ke8 36. Rh8+ Kf7 37. Rh7+ Kg6 38. Re7 b3 39. Ba3 Ra7
40. Bb2 Ra4+ 41. Ke3 Nb6 42. h5+ Kxh5 43. Bxf6 b2 44. Bxb2 Nc4+ 45. Kf4 Nxb2 46.
Kf5 Kh6 47. d6 Rd4 48. e5 Nc4 49. Ke6 Kg6 50. Re8 Rd1 51. Rg8+ Kh7 52. Rc8 Rd4
53. Rc5 Kg7 54. Rd5 Rh4 55. d7 Rh6+ 56. Ke7 1-0

[Event "Mondiale Semilampo FIDE 2024"]
[Site "New York"]
[Date "28.12.2024"]
[Round "10.16"]
[White "So, Wesley"]
[Black "Volokitin, Andrei"]
[Result "1/2-1/2"]
[WhiteTitle "GM"]
[BlackTitle "GM"]
[WhiteElo "2747"]
[BlackElo "2649"]
[WhiteFideId "5202213"]
[BlackFideId "14107090"]
[EventDate "26.12.2024"]

1. d4 Nf6 2. c4 e6 3. g3 Bb4+ 4. Nd2 d5 5. Bg2 O-O 6. Nf3 dxc4 7. Qc2 a5 8. a3
Bxd2+ 9. Bxd2 b5 10. a4 Bb7 11. axb5 Qd5 12. Rxa5 Rxa5 13. Bxa5 Qxb5 14. Bc3 Be4
15. Qc1 Nbd7 16. O-O Nd5 17. Rd1 Ra8 18. Nd2 Bxg2 19. Kxg2 c5 20. dxc5 Nxc5 21.
Bd4 Nb3 22. Qxc4 Nxd4 23. Qxd4 Qxe2 24. Nf1 h6 25. Rd2 Qe1 26. Rd1 Qe2 27. Rd2
Qb5 28. Ne3 Ra4 29. Qd3 Nxe3+ 1/2-1/2